[Event "Lappeenranta We LprSK"]
[Site "Lappeenranta"]
[Date "2012.06.10"]
[Round "4"]
[White "Ruokokoski, Hannes"]
[Black "Stade, Sam"]
[Result "0-1"]
[WhiteElo "1526"]
[BlackElo "1495"]
[PlyCount "110"]
[EventDate "2012.06.08"]
[EventType "swiss"]
[EventRounds "5"]
[EventCountry "FIN"]
[SourceTitle "EXT 2022"]
[Source "ChessBase"]
[SourceDate "2021.10.06"]
[SourceVersion "1"]
[SourceVersionDate "2021.10.06"]
[SourceQuality "1"]

1. d4 Nf6 2. c4 g6 3. Nc3 Bg7 4. e4 d6 5. Nf3 0-0 6. Be2 Nbd7 7. h3 e5 8. d5 Nc5 9. Qc2 a5 10. 0-0 Nh5 11. Bg5 Qe8 12. Nh2 f5 13. Bxh5 gxh5 14. exf5 Bxf5 15. Qd2 Qg6 16. Qe3 Bd3 17. Rfe1 Bxc4 18. b3 Bd3 19. Nf1 e4 20. Rac1 Rf5 21. Bh4 Bh6 22. Qg3 Bxc1 23. Qxg6+ hxg6 24. Rxc1 Bxf1 25. Rxf1 g5 26. Bg3 Re8 27. Nb5 Re7 28. Nxd6 cxd6 29. Bxd6 Rd7 30. Bxc5 Rfxd5 31. b4 axb4 32. Bxb4 Rd1 33. Bc5 Rxf1+ 34. Kxf1 Kf7 35. Ke2 Ke6 36. Be3 Kf5 37. f3 exf3+ 38. Kxf3 g4+ 39. hxg4+ hxg4+ 40. Kf2 Rd1 41. a3 b5 42. Bc5 Rd3 43. Bb4 Ke4 44. Be7 Kd5 45. Ke2 Kc4 46. Bb4 Rb3 47. Be7 Rb2+ 48. Kf1 Kb3 49. Bb4 Ra2 50. Bd6 Ka4 51. Kg1 Rxa3 52. Bxa3 Kxa3 53. Kf1 b4 54. Ke1 Ka2 55. Kd1 b3 0-1

[Event "Lappeenranta We LprSK"]
[Site "Lappeenranta"]
[Date "2012.06.10"]
[Round "5"]
[White "Stade, Sam"]
[Black "Heino, Aimo"]
[Result "1/2-1/2"]
[WhiteElo "1495"]
[BlackElo "1767"]
[PlyCount "51"]
[EventDate "2012.06.08"]
[EventType "swiss"]
[EventRounds "5"]
[EventCountry "FIN"]
[SourceTitle "EXT 2022"]
[Source "ChessBase"]
[SourceDate "2021.10.06"]
[SourceVersion "1"]
[SourceVersionDate "2021.10.06"]
[SourceQuality "1"]

1. e4 c5 2. Nc3 Nc6 3. f4 d6 4. Nf3 e6 5. Bb5 Bd7 6. d4 cxd4 7. Nxd4 g6 8. Nxc6 bxc6 9. Bd3 Bg7 10. 0-0 Nf6 11. f5 0-0 12. Bg5 Qb6+ 13. Kh1 Qxb2 14. Qd2 exf5 15. Rab1 Qa3 16. exf5 d5 17. Rb3 Qa5 18. Bh6 Rfe8 19. Bxg7 Kxg7 20. Qf4 Bc8 21. Qd6 Ba6 22. Ra3 Bxd3 23. Rxa5 Bxf1 24. Qg3 Re7 25. Kg1 Bc4 26. h3 1/2-1/2

[Event "Lappeenranta We LprSK"]
[Site "Lappeenranta"]
[Date "2012.06.09"]
[Round "2"]
[White "Stade, Sam"]
[Black "Akkanen, Timo"]
[Result "1/2-1/2"]
[WhiteElo "1495"]
[BlackElo "1835"]
[PlyCount "60"]
[EventDate "2012.06.08"]
[EventType "swiss"]
[EventRounds "5"]
[EventCountry "FIN"]
[SourceTitle "EXT 2022"]
[Source "ChessBase"]
[SourceDate "2021.10.06"]
[SourceVersion "1"]
[SourceVersionDate "2021.10.06"]
[SourceQuality "1"]

1. e4 c6 2. d4 d5 3. exd5 cxd5 4. c4 Nf6 5. Nc3 e6 6. Nf3 Be7 7. cxd5 Nxd5 8. Bd3 Nc6 9. 0-0 0-0 10. Re1 Ndb4 11. Bb1 Bf6 12. a3 Nd5 13. Ne4 Be7 14. Qd3 g6 15. Bh6 Re8 16. Ba2 Nf6 17. Rad1 Nxe4 18. Qxe4 Bd7 19. d5 exd5 20. Bxd5 Bf6 21. Qc4 Rxe1+ 22. Rxe1 Bxb2 23. Bxf7+ Kh8 24. Rb1 Ne5 25. Nxe5 Bxe5 26. Rxb7 Bc6 27. Rb1 Rc8 28. Be6 Rc7 29. Bf4 Bxf4 30. Qxf4 Kg7 1/2-1/2